Award Winning Marvel Actors and Actresses - Statistics

General Stats
  • This quiz has been taken 56 times
  • The average score is 37 of 81
Answer Stats
Award Film Actor or Actress % Correct
Best Actor Chaplin/ Tropic Thunder Robert Downey Jr.
91%
Best Actress Black Swan/ Jackie/ Closer Natalie Portman
79%
Best Actress Marriage Story/ Jojo Rabbit Scarlett Johansson
79%
Best Actor The Silence of the Lambs/ The Remains of the Day/ Nixon/ The Father/ Amistad/ The Two Popes Anthony Hopkins
77%
Best Actress Room Brie Larson
77%
Best Actor Pulp Fiction Samuel L. Jackson
74%
Best Actor Silver Linings Playbook/ American Sniper/ A Star is Born/ American Hustle Bradley Cooper
70%
Best Actress Winter's Bone/ Silver Linings Playbook/ Joy/ American Hustle Jennifer Lawrence
70%
Best Actor The Imitation Game/ The Power of the Dog Benedict Cumberbatch
68%
Best Actress La La Land/ Birdman/ The Favourite Emma Stone
68%
Best Actress Elizabeth/ Elizabeth: The Golden Age/ Blue Jasmine/ Carol/ The Aviator/ Notes on A Scandal/ I'm Not There Cate Blanchett
66%
Best Actress Shakespeare in Love Gwyneth Paltrow
66%
Best Actor Gandhi/ House of Sand and Frog/ Bugsy/ Sexy Beast Ben Kingsley
64%
Best Actor Wall Street Michael Douglas
64%
Best Actor The Insider/ Gladiator/ A Beautiful Mind Russell Crowe
64%
Best Actress Juno Ellen Page
62%
Best Actress Monster's Ball Halle Berry
62%
Best Actor Leaving Las Vegas/ Adaptation Nicolas Cage
62%
Best Actor Hacksaw Ridge/ Tick, Tick...Boom! Andrew Garfield
60%
Best Actress Changeling/ Girl, Interrupted Angelina Jolie
60%
Best Actor American History X/ Primal Fear/ Birdman Edward Norton
60%
Best Actor Ray/ Collateral Jamie Foxx
60%
Best Actor Starman/ Crazy Heart/ True Grit/ The Last Picture Show/ Thunderbolt and Lightfoot/ The Contender/ Hell or High Water Jeff Bridges
60%
Best Actor Cold Mountain/ The Talented Mr. Ripley Jude Law
60%
Best Actor The Hurt Locker/ The Town Jeremy Renner
57%
Best Actor The Last King of Scotland Forest Whitaker
55%
Best Actor Les Miserables Hugh Jackman
55%
Best Actor Birdman Michael Keaton
55%
Best Actor Hotel Rwanda Don Cheadle
53%
Best Actor The Kids Are All Right/ Foxcatcher/ Spotlight Mark Ruffalo
53%
Best Actress Frida Salma Hayek
53%
Best Actor American Hustle/ Vice/ The Fighter/ The Big Short Christian Bale
51%
Best Actor 127 Hours James Franco
51%
Best Actor The Sting/ Ordinary People/ Quiz Show Robert Redford
51%
Best Actor In the Valley of Elah/ JFK/ The Fugitive/ Lincoln Tommy Lee Jones
51%
Best Actress Fatal Attraction/ Dangerous Liaisons/ Albert Nobbs/ The Wife/ The World According to Garp/ The Big Chill/ The Natural/ Hillbilly Elegy Glenn Close
49%
Best Actress 12 Years A Slave Lupita Nyong'o
49%
Best Actor Steve Jobs/ 12 Years A Slave Michael Fassbender
49%
Best Actor The Wrestler Mickey Rourke
49%
Best Actor The People V.S. Larry Flynt/ The Messenger/ Three Billboards Outside Ebbing, Missouri Woody Harrelson
49%
Best Actor Once Upon A Time... In Hollywood Brad Pitt
47%
Best Actress The Theory of Everything Felicity Jones
47%
Best Actor Milk Josh Brolin
47%
Best Actor Kiss of the Spider Woman/ Children of a Lesser God/ Broadcast News/ A History of Violence William Hurt
47%
Best Actor Ma Rainey's Black Bottom Chadwick Boseman
45%
Best Actor Gods and Monsters/ The Lord of the Rings: The Fellowship of the Ring Ian McKellen
45%
Best Actor Dallas Buyers Club Jared Leto
45%
Best Actor Whiplash/ Being the Ricardos J.K. Simmons
45%
Best Actress Blue Valentine/ My Week With Marilyn/ Brokeback Mountain/ Manchester by the Sea Michelle Williams
45%
Best Actor The Revenant Tom Hardy
45%
Best Actor Moonlight/ Greenbook Mahershala Ali
43%
Best Actress My Cousin Vinny/ In the Bedroom/ The Wrestler Marisa Tomei
43%
Best Actress The Fabulous Baker Boys/ Love Field/ Dangerous Liaisons Michelle Pfeiffer
43%
Best Actress The Help/ Hidden Figures/ The Shape of Water Octavia Spencer
43%
Best Actor At Eternity's Gate/ Platoon/ Shadow of the Vampire/ The Florida Project Willem Dafoe
43%
Best Actor Get Out/ Judas and the Black Messiah Daniel Kaluuya
40%
Best Actor Brokeback Mountain Jake Gyllenhaal
38%
Best Actress The Power of the Dog Kirsten Dunst
34%
Best Actress The Piano Anna Paquin
32%
Best Actor Three Billboards Outside Ebbing, Missouri/ Vice Sam Rockwell
32%
Best Actor Traffic/ 21 Grams Benicio Del Toro
30%
Best Actor What's Love Got to Do With It? Laurence Fishburne
30%
Best Actor Hustle and Flow Terrence Howard
30%
Best Actor 12 Years A Slave Chiwetel Ejiofor
28%
Best Actor Boyhood Ethan Hawke
28%
Best Actor Creed Sylvester Stallone
28%
Best Actress Michael Clayton Tilda Swinton
28%
Best Actress American Beauty/ Being Julia/ The Kids Are All Right/ The Grifters Annette Bening
26%
Best Actress What's Love Got to Do With It? Angela Bassett
23%
Best Actress The Favourite Rachel Weisz
23%
Best Actress Places in the Heart/ Lincoln Sally Field
21%
Best Actress True Grit Hailee Steinfeld
19%
Best Actress Little Women Florence Pugh
17%
Best Actor In America/ Blood Diamond Djimon Hounsou
15%
Best Actor Henry V/ My Week With Marilyn/ Belfast Kenneth Branagh
15%
Best Actor The Green Mile Michael Clarke Duncan
13%
Best Actress Moonlight Rachel McAdams
13%
Best Actress Up in the Air Vera Farmiga
11%
Best Actor Can You Ever Forgive Me? Richard E. Grant
9%
Best Actor Sideways Thomas Haden Church
9%
Best Actor The Power of the Dog Kodi Smit-McPhee
4%
No matching quizzes found
Score Distribution
Percent of People with Each Score
Percentile by Number Answered
Your Score History
You have not taken this quiz